| 000 | 01426cam a22003374a 4500 | ||
|---|---|---|---|
| 001 | 13903646 | ||
| 005 | 20170105102903.0 | ||
| 008 | 050317s2005 caua b 001 0 eng | ||
| 010 | _a 2005007769 | ||
| 020 | _a0787973610 (alk. paper) | ||
| 020 | _a9780787973612 (alk. paper) | ||
| 040 |
_aDLC _cDLC _dDLC |
||
| 042 | _apcc | ||
| 043 | _an-us--- | ||
| 050 | 0 | 0 |
_aHD62.6 _b.K667 2005 |
| 082 | 0 | 0 |
_a658.1/59 _222 |
| 100 | 1 | _aKorngold, Alice. | |
| 245 | 1 | 0 |
_aLeveraging good will : _bstrengthening nonprofits by engaging businesses / _cAlice Korngold. |
| 250 | _a1 ed. | ||
| 260 |
_aSan Francisco, CA : _bJossey-Bass, _cc2005. |
||
| 300 |
_axxi, 215 p. : _bill. ; _c24 cm. |
||
| 504 | _aIncludes bibliographical references (p. 203-205) and index. | ||
| 650 | 0 |
_aNonprofit organizations _zUnited States _xManagement. |
|
| 650 | 0 |
_aNonprofit organizations _zUnited States _xFinance. |
|
| 856 | 4 | 1 |
_3Table of contents only _uhttp://www.loc.gov/catdir/toc/ecip059/2005007769.html |
| 856 | 4 | 2 |
_3Contributor biographical information _uhttp://www.loc.gov/catdir/enhancements/fy0622/2005007769-b.html |
| 856 | 4 | 2 |
_3Publisher description _uhttp://www.loc.gov/catdir/enhancements/fy0622/2005007769-d.html |
| 906 |
_a7 _bcbc _corignew _d1 _eecip _f20 _gy-gencatlg |
||
| 942 |
_2ddc _cBK |
||
| 999 |
_c14735 _d14735 |
||